Score 0/26 Timer 03:00
0 Plays Today
Clue 4-Letter Word % Correct
Shot to the left in golfPULL
97.3%
Coin for a tenth of a dollar~DIME~
97%
Dog breed: Great ___DANE
96.9%
Capital of ItalyROME
96.7%
Orange juice solidPULP
95.9%
Sit down for an evening mealDINE
95.8%
Applaud~CLAP~
95.4%
Hemispherically shaped roofDOME
94.8%
Part in a playROLE
93.2%
Oral medicine dosePILL
92.6%
Heap of stuffPILE
91.8%
Strike with the palm of the handSLAP
91.7%
Inflation device?PUMP
91.1%
Clue 4-Letter Word % Correct
Transmitted, as in an e-mailSENT
90.6%
Home for chickensCOOP
90.4%
Somewhere to sitSEAT
89.9%
A hoofbeat soundCLOP
89.6%
Coin for a hundredth of a dollar~CENT~
88.6%
Half of a stacked bedBUNK
88.2%
Anger or irritateRILE
88.2%
Plunge under waterDUNK
86.9%
Dark and moistDANK
86.6%
A narrow strip of metal or woodSLAT
84.6%
Partner of Circumstance in songPOMP
78.2%
A free ticket for a performanceCOMP
77.4%
Play music on the street~BUSK~
46.9%

Today's Daily Dose

Missing Word
'T' Pairs

Word Ladder
Game Pieces

Get the Picture
Baseball Movies

Remove Ads.
Support Sporcle.
Get the best of Sporcle when you Go Orange. This ad-free experience offers more features, more stats, and more fun while also helping to support Sporcle. Thank you for becoming a member.

You're not logged in!

Compare scores with friends on all Sporcle quizzes.
OR
Log In

Show Comments

Extras

Top Quizzes Today


Score Distribution

Your Account Isn't Verified!

In order to create a playlist on Sporcle, you need to verify the email address you used during registration. Go to your Sporcle Settings to finish the process.

Report this User

Report this user for behavior that violates our Community Guidelines.

Details: